Normal view
MARC view
- Freehand 10; Animation
Entry Personal Name
001 - CONTROL NUMBER
- control field: 59953
003 - CONTROL NUMBER IDENTIFIER
- control field: NUST
005 - DATE AND TIME OF LATEST TRANSACTION
- control field: 20210628202441.0
008 - FIXED-LENGTH DATA ELEMENTS
- fixed length control field: 210628|| aca||aabn | a|a d
040 ## - CATALOGING SOURCE
- Original cataloging agency: NUST
- Transcribing agency: NUST
100 ## - HEADING--PERSONAL NAME
- Personal name: Freehand 10; Animation
670 ## - SOURCE DATA FOUND
- Source citation: Work cat.: (NUST): Subir Choudhury Roame, Tony 59952, Macromedia freehand 10, traning from the source, 2002
